| 000 | 00663nam a22002177a 4500 | ||
|---|---|---|---|
| 003 | OSt | ||
| 005 | 20251203085250.0 | ||
| 008 | 251203b |||||||| |||| 00| 0 eng d | ||
| 020 | _a0-446-61279-0 | ||
| 040 |
_aDWC-Main Lib. _cOC |
||
| 082 | _aFic. P317s 2002 | ||
| 100 | _aPatterson, James | ||
| 245 |
_a2nd chance/ _cJames Patterson |
||
| 260 |
_aN.Y. : _bVision, Vision, _cc2002 |
||
| 300 |
_a417 p. ; _c17 cm. |
||
| 650 | _a1. Female friendship-Fiction. | ||
| 650 | _a2. San Francisco (Calif.)-Fiction. | ||
| 650 | _a3. Women detectives-California-San Francisco-Fiction. | ||
| 650 | _a4. Women in the professions-Fiction. | ||
| 942 |
_2ddc _cFIC. _kFic. _n0 |
||
| 999 |
_c6724 _d6724 |
||